000 00761nam a2200217 a 4500
001 000035764
005 20200930074607.0
008 111110s2011 dr 000 0 spa d
020 _a9789945874570
040 _aDO-SdBNP
_bspa
_cBNPHU
082 _a616.4
_bT676m
100 1 _aToral, Juan Carlos
_946604
245 1 0 _aManual clínico de errores innatos del metabolismo con presentación neonatal /
_cJuan Carlos Toral.
260 _aSanto Domingo :
_bBúho,
_c2011.
300 _a295 p. :
_bil. ;
_c26 cm.
500 _aIncluye bibliografía y notas al pie de páginas.
590 _aInventariado, 2018/LP
650 4 _aTrastornos del metabolismo
_99376
650 4 _aErrores congénitos del metabolismo
_961712
910 _aValidado. Control de calidad EMS
999 _c35255
_d35255